Key words for Insurance (Record no. 15972)
[ view plain ]
| 000 -LEADER | |
|---|---|
| fixed length control field | 00465nam a22001817a 4500 |
| 003 - CONTROL NUMBER IDENTIFIER | |
| control field | OSt |
| 005 - DATE AND TIME OF LATEST TRANSACTION | |
| control field | 20220905094125.0 |
| 008 - FIXED-LENGTH DATA ELEMENTS--GENERAL INFORMATION | |
| fixed length control field | 220905b |||||||| |||| 00| 0 eng d |
| 020 ## - INTERNATIONAL STANDARD BOOK NUMBER | |
| International Standard Book Number | 9780007489831 |
| 040 ## - CATALOGING SOURCE | |
| Transcribing agency | IFM Library |
| 082 ## - DEWEY DECIMAL CLASSIFICATION NUMBER | |
| Classification number | 368.03 |
| 100 ## - MAIN ENTRY--PERSONAL NAME | |
| Personal name | Cobuild, Collions |
| 245 ## - TITLE STATEMENT | |
| Title | Key words for Insurance |
| 260 ## - PUBLICATION, DISTRIBUTION, ETC. | |
| Place of publication, distribution, etc. | Italy: |
| Name of publisher, distributor, etc. | HarperCollins Publishers, |
| Date of publication, distribution, etc. | 2013 |
| 300 ## - PHYSICAL DESCRIPTION | |
| Extent | viii, 177p.: |
| Other physical details | ill.; 20cm. |
| Accompanying material | CD |
| 650 ## - SUBJECT ADDED ENTRY--TOPICAL TERM | |
| Topical term or geographic name entry element | Insurance |
| 942 ## - ADDED ENTRY ELEMENTS (KOHA) | |
| Koha item type | Books |
| Source of classification or shelving scheme | Dewey Decimal Classification |
| Suppress in OPAC | No |
| Withdrawn status | Lost status | Damaged status | Not for loan | Home library | Current library | Shelving location | Date acquired | Total Checkouts | Full call number | Barcode | Date last seen | Price effective from | Koha item type | Source of classification or shelving scheme |
|---|---|---|---|---|---|---|---|---|---|---|---|---|---|---|
| IFM Main Campus Library | IFM Main Campus Library | Special Reserve Collection | 09/05/2022 | 368.03 COB | 0000020065 | 05/27/2016 | 02/19/2022 | Books | Dewey Decimal Classification | |||||
| IFM Main Campus Library | IFM Main Campus Library | Special Reserve Collection | 09/05/2022 | 368.03 COB | 0000020067 | 05/27/2016 | 02/19/2022 | Books | Dewey Decimal Classification | |||||
| IFM Mwanza Campus | IFM Mwanza Campus | Mwanza Teaching Center | 05/27/2016 | 368.03 COB | 0000020066 | 05/27/2016 | 02/19/2022 | Books |
